000 01103nam a22003017a 4500
003 CHAP
005 20220329143924.0
008 120827s2011 mx a r 00010 spa d
010 _a103766
011 _a104738
020 _a9786077100607
035 _a115428
040 _cCHAP
082 0 4 _a374.972
_bA11
245 0 2 _aA 30 años de su creación, semblanza de la labor del Instituto Nacional para la Educación de los Adultos
_c/coordinado por Juan de Dios Castro Muñoz
260 _aMéxico :
_bInstituto Nacional para la Educación de los Adultos,
_c2011
300 _axxii 292 p. :
_bilus., diagramas
590 _aBATCH-UPD
_b10
_c20130110
_lUCH01
_h0935
590 _aBATCH-UPD
_b10
_c20130410
_lUCH01
_h0553
590 _aBATCH-UPD
_b10
_c20130914
_lUCH01
_h0900
590 _aCONVERSION
_b10
_c20130109
_lUCH01
_h1357
650 1 4 _aEducación de adultos.
_935562
650 1 4 _aEducación
_xHistoria
_zMéxico.
_935454
700 1 _aCastro Muñoz, Juan de Dios
_e, coord.
_920406
901 _aBK
942 _cLIBRO
949 _a374.972 A11
_bBC
_cLIBRO
_d33724002345545
_eLIBRO
_h117328
_i115428
_st
999 _c103766
_d103766